000 01269nam a2200349Ia 4500
001 Z_6592
003 CHAP
005 20230920132327.0
008 220113s2013 xx 000 0 und d
010 _a169863
040 _cCHAP
090 _aTesis J56 2333
100 _aJiménez Montañez, Shantal Yhamara
_9125956
245 _aEfecto de la restricción de alimento en la prevención del síndrome ascítico en pollos de engorda /
_cShantal Yhamara Jiménez Montañez
260 _aMéxico :
_bEl autor,
_c2013
300 _a42 p
502 _aTesis (Ingeniero Agrónomo Especialista en Zootecnia) -- UACh, 2013 \ Dirección: Arturo Pro Martínez; asesoría: David Chan Díaz y Eliseo Sosa Montes
650 _aAves
_98590
650 _aMortalidad por síndrome ascítico
_9145291
650 _aPollo de engorda
_9143271
650 _aRestricción alimenticia
_9145292
650 _aVariables productivas
_9144631
700 _a Chan Díaz, David, asesor
_9145151
700 _a Sosa Montes, Eliseo, asesor
_9143193
700 _aPro Martínez, Arturo, director
_9137538
856 4 2 _uhttp://10.13.5.2/tesis/sist108887.pdf
_yDescargar PDF
901 _aTESIS J56 2333
902 _aA
910 _a2013
942 _c2
_2ddc
942 _c2
_2ddc
999 _c169863
_d169863